<?xml version="1.0" encoding="UTF-8"?>
<record
    xmlns:xsi="http://www.w3.org/2001/XMLSchema-instance"
    xsi:schemaLocation="http://www.loc.gov/MARC21/slim http://www.loc.gov/standards/marcxml/schema/MARC21slim.xsd"
    xmlns="http://www.loc.gov/MARC21/slim">

  <leader>00785nam a22002057a 4500</leader>
  <controlfield tag="003">LK-CoMWRAF</controlfield>
  <controlfield tag="005">20240605142401.0</controlfield>
  <controlfield tag="008">240605b2017    |||||||| |||| 00| 0 eng d</controlfield>
  <datafield tag="020" ind1=" " ind2=" ">
    <subfield code="a">9789551770358</subfield>
  </datafield>
  <datafield tag="040" ind1=" " ind2=" ">
    <subfield code="a">LK-CoMWRAF</subfield>
    <subfield code="d">LK-CoMWRAF</subfield>
    <subfield code="e">LK-CoMWRAF</subfield>
  </datafield>
  <datafield tag="041" ind1=" " ind2=" ">
    <subfield code="a">tam</subfield>
  </datafield>
  <datafield tag="082" ind1=" " ind2=" ">
    <subfield code="a">306.76</subfield>
    <subfield code="b">WOM</subfield>
  </datafield>
  <datafield tag="110" ind1=" " ind2=" ">
    <subfield code="a">Women and Media Collective</subfield>
  </datafield>
  <datafield tag="245" ind1=" " ind2=" ">
    <subfield code="a">&#xB87;&#xBB0;&#xBC1;&#xBAE;&#xBC8; &#xB95;&#xBC1;&#xBB1;&#xBBF;&#xBAF;&#xBC0;&#xB9F;&#xBCD;&#xB9F;&#xBBF;&#xBB1;&#xBCD;&#xB95;&#xBC1; &#xB87;&#xB9F;&#xBC8;&#xBAF;&#xBC2;&#xBB1;&#xBC1; &#xB8F;&#xBB1;&#xBCD;&#xBAA;&#xB9F;&#xBC1;&#xBA4;&#xBCD;&#xBA4;&#xBB2;&#xBCD; : </subfield>
    <subfield code="b">&#xB87;&#xBA3;&#xBC8;&#xBAF;&#xBA4;&#xBCD;&#xBA4;&#xBBF;&#xBB2;&#xBCD; LGBT &#xB87;&#xBB2;&#xB99;&#xBCD;&#xB95;&#xBC8;&#xBAF;&#xBB0;&#xBCD;&#xB95;&#xBB3;&#xBBF;&#xBA9;&#xBCD;  &#xB85;&#xBA9;&#xBC1;&#xBAA;&#xBB5;&#xB99;&#xBCD;&#xB95;&#xBB3;&#xBCD;</subfield>
  </datafield>
  <datafield tag="260" ind1=" " ind2=" ">
    <subfield code="a">Colombo: </subfield>
    <subfield code="b">Women and Media Collective, </subfield>
    <subfield code="c">2017</subfield>
  </datafield>
  <datafield tag="300" ind1=" " ind2=" ">
    <subfield code="a">vi., 144 p.</subfield>
    <subfield code="b">Bibliography included</subfield>
  </datafield>
  <datafield tag="650" ind1=" " ind2=" ">
    <subfield code="a">DIGITAL MEDIA-Social aspects </subfield>
  </datafield>
  <datafield tag="650" ind1=" " ind2=" ">
    <subfield code="a">LGBT-Sri Lanka</subfield>
  </datafield>
  <datafield tag="942" ind1=" " ind2=" ">
    <subfield code="c">BK</subfield>
  </datafield>
  <datafield tag="952" ind1=" " ind2=" ">
    <subfield code="0">0</subfield>
    <subfield code="1">0</subfield>
    <subfield code="4">0</subfield>
    <subfield code="7">0</subfield>
    <subfield code="a">MAIN</subfield>
    <subfield code="b">MAIN</subfield>
    <subfield code="d">2024-06-05</subfield>
    <subfield code="l">0</subfield>
    <subfield code="o">306.76 WOM</subfield>
    <subfield code="p">RAF5276</subfield>
    <subfield code="r">2024-06-05</subfield>
    <subfield code="w">2024-06-05</subfield>
    <subfield code="y">BK</subfield>
  </datafield>
  <datafield tag="999" ind1=" " ind2=" ">
    <subfield code="c">4904</subfield>
    <subfield code="d">4904</subfield>
  </datafield>
</record>
